Guess The Country By Funny Hint #1 - Statistics

General Stats
  • This quiz has been taken 202 times
  • The average score is 7 of 20
Answer Stats
Hint Answer % Correct
FREEDOM! United States
91%
Pizza and Spaghetti Italy
78%
Currently at war with crazy bear riding dude and his country Ukraine
77%
This country won the first world cup and is basically Argentina's smaller brother Uruguay
50%
Trump wants to build a wall between Murica and... Mexico
43%
If you think this country exists, you will lose all your social credits Taiwan
34%
This country was once a massive empire but is now small boy surrounded by two major super powers Mongolia
33%
The prince might scam me Nigeria
33%
I have "Togo" to a place i've "Benin" and I'm "(answer)" get there as fast as I can Ghana
29%
"American" Africa Liberia
29%
DON'T CRY FOR ME... Argentina
27%
Best meme country (it is upside down) Australia
27%
This country's name reminds me of a meat Turkey
25%
These Countries are double landlocked (no coastline?) (Europe) Liechtenstein
17%
(Answer) copied my flag! - Indonesia Monaco
17%
Xbox logo flag Kyrgyzstan
16%
National Anthem: OOOOOOOOO, Canada
15%
It owns an island with moai Chile
15%
The 2nd country that is double landlocked as well (Asia) Uzbekistan
15%
Landmines are everywhere in this country Bosnia and Herzegovina
9%
No matching quizzes found
Score Distribution
Percent of People with Each Score
Percentile by Number Answered
Your Score History
You have not taken this quiz